[Event "Obert Figueres Miquel Mas 2012"]
[Site "Figueres ESP"]
[Date "2012.08.14"]
[Round "7.6"]
[White "Vishnu, Prasanna  V"]
[Black "Soumya, Swaminathan"]
[Result "1-0"]
[WhiteElo "2435"]
[BlackElo "2271"]
[PlyCount "71"]
[EventDate "2012.08.09"]
[EventType "swiss"]
[EventRounds "9"]
[EventCountry "ESP"]
[Source "lmi"]
[SourceDate "2012.08.09"]

1. c4 Nf6 2. Nc3 g6 3. e4 c5 4. Nf3 Nc6 5. d4 cxd4 6. Nxd4 d6 7. Nc2 Bg7 8. Be2
O-O 9. O-O Be6 10. Be3 Qd7 11. f3 Rfc8 12. Qd2 Qd8 13. Rab1 Nd7 14. Rfc1 a6 15.
b3 a5 16. Na3 Nc5 17. Nab5 Qf8 18. Nd5 Bxd5 19. cxd5 Ne5 20. a3 a4 21. Bxc5
dxc5 22. b4 Nd7 23. f4 cxb4 24. Qxb4 Qd8 25. Kh1 Qb6 26. Rxc8+ Rxc8 27. Bg4 f5
28. exf5 Nf6 29. Bf3 gxf5 30. Qe1 Kf8 31. h3 Qc5 32. Qe6 Rd8 33. Qxf5 Kg8 34.
Qd3 Bh6 35. Nd4 Rc8 36. Ne6 1-0

[Event "Obert Figueres Miquel Mas 2012"]
[Site "Figueres ESP"]
[Date "2012.08.14"]
[Round "7.7"]
[White "Garbisu De Goñi, Unai"]
[Black "Vinardell Cruanas, Sergi"]
[Result "1/2-1/2"]
[WhiteElo "2461"]
[BlackElo "2124"]
[PlyCount "121"]
[EventDate "2012.08.09"]
[EventType "swiss"]
[EventRounds "9"]
[EventCountry "ESP"]
[Source "lmi"]
[SourceDate "2012.08.09"]

1. e4 c5 2. Nf3 d6 3. d4 cxd4 4. Nxd4 Nf6 5. Nc3 g6 6. Be3 Bg7 7. f3 O-O 8. Qd2
Nc6 9. O-O-O d5 10. exd5 Nxd5 11. Nxc6 bxc6 12. Bd4 Bxd4 13. Qxd4 Qb6 14. Na4
Qc7 15. Bc4 Rd8 16. g4 Be6 17. Nc5 Nf4 18. Nxe6 Nxe6 19. Qe3 Nf4 20. h4 Nd5 21.
Qg5 e6 22. Bb3 a5 23. a4 Rab8 24. h5 Qf4+ 25. Qxf4 Nxf4 26. hxg6 hxg6 27. Bc4
Kg7 28. Rde1 Rd4 29. b3 Rbd8 30. Re5 Nd5 31. g5 Rf4 32. Rd1 Rh8 33. Be2 Rh2 34.
Kb2 Rf5 35. Rxf5 gxf5 36. Bd3 Rg2 37. Re1 Rxg5 38. Bc4 Rg3 39. Bxd5 cxd5 40. b4
axb4 41. a5 Rxf3 42. a6 Rc3 43. a7 Rc8 44. Ra1 Ra8 45. Kb3 Kf6 46. Kxb4 f4 47.
Kc5 Kf5 48. Kb6 f3 49. Kb7 Rxa7+ 50. Rxa7 Ke4 51. Kc6 f5 52. Kd6 e5 53. Ra1 f4
54. Re1+ Kd4 55. c3+ Kxc3 56. Kxe5 Kd2 57. Ra1 f2 58. Kxf4 Ke2 59. Ra2+ Ke1 60.
Ke3 d4+ 61. Kxd4 1/2-1/2

[Event "Obert Figueres Miquel Mas 2012"]
[Site "Figueres ESP"]
[Date "2012.08.14"]
[Round "7.8"]
[White "Ladron De Guevara Pinto, Paolo"]
[Black "Dourerassou, Jonathan"]
[Result "0-1"]
[WhiteElo "2370"]
[BlackElo "2460"]
[PlyCount "88"]
[EventDate "2012.08.09"]
[EventType "swiss"]
[EventRounds "9"]
[EventCountry "ESP"]
[Source "lmi"]
[SourceDate "2012.08.09"]

1. e4 c5 2. Nf3 Nc6 3. d4 cxd4 4. Nxd4 Nf6 5. Nc3 e5 6. Ndb5 d6 7. Bg5 a6 8.
Na3 b5 9. Bxf6 gxf6 10. Nd5 Bg7 11. c3 f5 12. exf5 Bxf5 13. Nc2 Be6 14. Nce3
Ne7 15. Be2 Nxd5 16. Nxd5 O-O 17. O-O Rc8 18. a4 Rc5 19. Nb4 bxa4 20. Qxa4 a5
21. Nd3 Rd5 22. Rfd1 Qb6 23. Bf3 Rb5 24. c4 Rb3 25. Bc6 Bf5 26. Ra3 Rxa3 27.
bxa3 e4 28. Nf4 e3 29. Nd5 exf2+ 30. Kf1 Qa7 31. Rd2 Rb8 32. Bb5 Be6 33. Qc2
Qc5 34. a4 Qa3 35. Kxf2 Qc5+ 36. Kf1 Kh8 37. Qd3 Be5 38. Re2 Rg8 39. Rxe5 dxe5
40. Nf6 e4 41. Qxe4 Rg6 42. Qa8+ Kg7 43. Ne8+ Kh6 44. Qe4 Rg4 0-1

[Event "Obert Figueres Miquel Mas 2012"]
[Site "Figueres ESP"]
[Date "2012.08.14"]
[Round "7.9"]
[White "Govciyan, Pavel"]
[Black "Ramiro Ovejero, Juan L"]
[Result "1/2-1/2"]
[WhiteElo "2451"]
[BlackElo "2349"]
[PlyCount "75"]
[EventDate "2012.08.09"]
[EventType "swiss"]
[EventRounds "9"]
[EventCountry "ESP"]
[Source "lmi"]
[SourceDate "2012.08.09"]

1. d4 d5 2. c4 dxc4 3. e3 e5 4. Bxc4 exd4 5. exd4 Nf6 6. Nf3 Bd6 7. h3 O-O 8.
O-O h6 9. Nc3 Nc6 10. Qc2 a6 11. Bxh6 gxh6 12. Qg6+ Kh8 13. Qxh6+ Nh7 14. Ne4
Bf5 15. Rfe1 Bxe4 16. Rxe4 Qf6 17. Qe3 Ne7 18. Ne5 Bxe5 19. dxe5 Qb6 20. Qxb6
cxb6 21. Rd1 b5 22. Bb3 Ng6 23. f4 Rae8 24. Red4 Re7 25. g3 f6 26. Rd6 Rg7 27.
exf6 Nxf6 28. Kh2 Re7 29. Re6 Rxe6 30. Bxe6 Re8 31. Bg4 Re3 32. Rd6 Kg7 33. Rb6
Nxg4+ 34. hxg4 Ne7 35. Rxb7 Kf8 36. Rb6 Re2+ 37. Kh3 Rxb2 38. Rxa6 1/2-1/2

[Event "Obert Figueres Miquel Mas 2012"]
[Site "Figueres ESP"]
[Date "2012.08.14"]
[Round "7.10"]
[White "Aymerich Verdaguer, Eduard"]
[Black "Guilleux, Fabien"]
[Result "0-1"]
[WhiteElo "1787"]
[BlackElo "2439"]
[PlyCount "96"]
[EventDate "2012.08.09"]
[EventType "swiss"]
[EventRounds "9"]
[EventCountry "ESP"]
[Source "lmi"]
[SourceDate "2012.08.09"]

1. d4 Nf6 2. c4 g6 3. Nf3 Bg7 4. g3 d5 5. Bg2 dxc4 6. Qa4+ Nfd7 7. Qxc4 Nc6 8.
O-O Nb6 9. Qb3 a5 10. a4 Be6 11. Qb5 Bc4 12. Qc5 O-O 13. Nc3 Nxd4 14. Nxd4 Bxd4
15. Qa3 Qd6 16. Bxb7 Bc5 17. Ne4 Bxa3 18. Nxd6 Bxd6 19. Bxa8 Rxa8 20. Bf4 e5
21. Bd2 Bxe2 22. Rfe1 Bc4 23. f4 Rd8 24. fxe5 Bc5+ 25. Be3 Bxe3+ 26. Rxe3 Rd2
27. b3 Bd5 28. Rc1 c6 29. Rc5 Rg2+ 30. Kf1 Rb2 31. Rxa5 Rxb3 32. Rxb3 Bxb3 33.
Rc5 Bxa4 34. Kf2 Bb5 35. Ke3 Nd7 36. e6 fxe6 37. Rc1 Kf7 38. Kf4 Kf6 39. h4 e5+
40. Ke4 Ke6 41. Rc2 Nf6+ 42. Kf3 h5 43. Rd2 Kf5 44. Rd8 e4+ 45. Kf2 Ng4+ 46.
Ke1 e3 47. Re8 Ne5 48. Rf8+ Kg4 0-1

[Event "Obert Figueres Miquel Mas 2012"]
[Site "Figueres ESP"]
[Date "2012.08.14"]
[Round "7.11"]
[White "Rebole Arbea, Jose Ignacio"]
[Black "Antoli Royo, Joaquin Miguel"]
[Result "0-1"]
[WhiteElo "2188"]
[BlackElo "2398"]
[PlyCount "44"]
[EventDate "2012.08.09"]
[EventType "swiss"]
[EventRounds "9"]
[EventCountry "ESP"]
[Source "lmi"]
[SourceDate "2012.08.09"]

1. c4 e5 2. g3 Nf6 3. Bg2 c6 4. d3 d5 5. cxd5 cxd5 6. Nf3 Nc6 7. O-O Be7 8. a3
a5 9. b3 O-O 10. Bb2 e4 11. dxe4 dxe4 12. Nd4 Qb6 13. Nxc6 bxc6 14. Bd4 c5 15.
Bxf6 Bxf6 16. Ra2 Be6 17. Nd2 a4 18. Nxe4 Be7 19. Rc2 axb3 20. Qb1 Rxa3 21.
Rfc1 Rfa8 22. Rc3 b2 0-1

[Event "Obert Figueres Miquel Mas 2012"]
[Site "Figueres ESP"]
[Date "2012.08.14"]
[Round "7.12"]
[White "Balague Camps, Marc"]
[Black "Serra Pages, Jordi"]
[Result "0-1"]
[WhiteElo "2072"]
[BlackElo "2224"]
[PlyCount "50"]
[EventDate "2012.08.09"]
[EventType "swiss"]
[EventRounds "9"]
[EventCountry "ESP"]
[Source "lmi"]
[SourceDate "2012.08.09"]

1. Nf3 Nf6 2. c4 g6 3. Nc3 d5 4. cxd5 Nxd5 5. Qb3 Nb6 6. d4 Bg7 7. e4 a5 8. a4
Nc6 9. d5 Nb4 10. Be3 O-O 11. Rd1 e6 12. Bc5 exd5 13. Bxf8 Qxf8 14. Be2 dxe4
15. Ng5 h6 16. Ncxe4 hxg5 17. Nxg5 Bf5 18. Rd2 Qe7 19. h4 Bd7 20. Rxd7 Qxd7 21.
h5 Rd8 22. Ne4 Nd3+ 23. Kf1 Nc1 24. Qc2 Nxe2 25. Kxe2 Qxa4 0-1

[Event "Obert Figueres Miquel Mas 2012"]
[Site "Figueres ESP"]
[Date "2012.08.14"]
[Round "7.13"]
[White "Dalo, Hermes"]
[Black "Llerins Bonet, Ricardo"]
[Result "1/2-1/2"]
[WhiteElo "2130"]
[BlackElo "2111"]
[PlyCount "62"]
[EventDate "2012.08.09"]
[EventType "swiss"]
[EventRounds "9"]
[EventCountry "ESP"]
[Source "lmi"]
[SourceDate "2012.08.09"]

1. d4 Nf6 2. c4 g6 3. b3 Bg7 4. Nc3 d5 5. e3 O-O 6. Nf3 c5 7. Nxd5 Nxd5 8. cxd5
Qxd5 9. Bc4 Qd8 10. Bb2 Nc6 11. h3 Qa5+ 12. Kf1 Rd8 13. Ng5 Ne5 14. dxe5 Rxd1+
15. Rxd1 e6 16. a4 Qc7 17. f4 Bd7 18. Ne4 Bc6 19. Nd6 a6 20. Kf2 Rb8 21. Rc1 b5
22. axb5 axb5 23. Be2 Qa5 24. Rxc5 Bxg2 25. Ra1 Qb4 26. Ba3 Qxb3 27. Bd1 Qd3
28. Be2 Qd2 29. Bc1 Qb4 30. Ba3 Qb3 31. Bd1 Qd3 1/2-1/2

[Event "Obert Figueres Miquel Mas 2012"]
[Site "Figueres ESP"]
[Date "2012.08.14"]
[Round "7.14"]
[White "Cano Egea, Gerard"]
[Black "Colls Gelaberto, Emili"]
[Result "0-1"]
[WhiteElo "1901"]
[BlackElo "2171"]
[PlyCount "50"]
[EventDate "2012.08.09"]
[EventType "swiss"]
[EventRounds "9"]
[EventCountry "ESP"]
[Source "lmi"]
[SourceDate "2012.08.09"]

1. e4 c6 2. d4 d5 3. exd5 cxd5 4. Bd3 Nc6 5. c3 Qc7 6. Ne2 Bg4 7. f3 Bh5 8. Bf4
Qd7 9. O-O e6 10. Nd2 Nf6 11. Nb3 Bg6 12. Re1 Be7 13. Be5 O-O 14. Nf4 Bxd3 15.
Nxd3 Qd8 16. Qd2 Rc8 17. Qf4 Qb6 18. Kh1 Rfd8 19. Ndc5 Nxe5 20. Qxe5 Bxc5 21.
Nxc5 Qxb2 22. Rab1 Qxc3 23. Nxb7 Rf8 24. Nd6 Rc6 25. Rb7 Rxd6 0-1

[Event "Obert Figueres Miquel Mas 2012"]
[Site "Figueres ESP"]
[Date "2012.08.14"]
[Round "7.15"]
[White "Sorroche Martin, Jose Maria"]
[Black "Parals Marce, Luis"]
[Result "1-0"]
[WhiteElo "2164"]
[BlackElo "2069"]
[PlyCount "71"]
[EventDate "2012.08.09"]
[EventType "swiss"]
[EventRounds "9"]
[EventCountry "ESP"]
[Source "lmi"]
[SourceDate "2012.08.09"]

1. c4 g6 2. Nc3 Bg7 3. e4 c5 4. g3 Nc6 5. Bg2 d6 6. Nge2 Nf6 7. d4 cxd4 8. Nxd4
Nxd4 9. Qxd4 O-O 10. Qd2 Be6 11. b3 Qc8 12. Bb2 Bh3 13. O-O Bxg2 14. Kxg2 Re8
15. h3 Qc6 16. f3 Nd7 17. Nd5 Bxb2 18. Qxb2 a6 19. h4 e5 20. h5 g5 21. Qd2 f6
22. Rad1 Re6 23. Ne3 Rd8 24. Nf5 Nb6 25. a4 Nc8 26. h6 b6 27. Rc1 a5 28. Qd5
Qd7 29. Ng7 Rde8 30. Nxe8 Qxe8 31. Kf2 Kf7 32. f4 exf4 33. gxf4 Kf8 34. Rce1
gxf4 35. Rg1 Ke7 36. Qb7+ 1-0

[Event "Obert Figueres Miquel Mas 2012"]
[Site "Figueres ESP"]
[Date "2012.08.15"]
[Round "8.3"]
[White "Rakhmanov, Aleksandr"]
[Black "Dourerassou, Jonathan"]
[Result "1-0"]
[WhiteElo "2588"]
[BlackElo "2460"]
[PlyCount "44"]
[EventDate "2012.08.09"]
[EventType "swiss"]
[EventRounds "9"]
[EventCountry "ESP"]
[Source "lmi"]
[SourceDate "2012.08.09"]

1. d4 Nf6 2. Nf3 g6 3. Nbd2 d5 4. e3 Bg7 5. b4 a5 6. b5 c5 7. bxc6 Nxc6 8. c4
O-O 9. Be2 Bf5 10. Nh4 Bd7 11. Bb2 dxc4 12. Nxc4 a4 13. a3 Na5 14. Rc1 Nb3 15.
Rc2 Ne4 16. O-O Rc8 17. Bd3 Bc6 18. Nf3 Bd5 19. Ncd2 f5 20. Qb1 Nexd2 21. Nxd2
Nxd2 22. Rxd2 f4 1-0

[Event "Obert Figueres Miquel Mas 2012"]
[Site "Figueres ESP"]
[Date "2012.08.15"]
[Round "8.5"]
[White "Antoli Royo, Joaquin Miguel"]
[Black "Das, Arghyadip"]
[Result "1/2-1/2"]
[WhiteElo "2398"]
[BlackElo "2479"]
[PlyCount "75"]
[EventDate "2012.08.09"]
[EventType "swiss"]
[EventRounds "9"]
[EventCountry "ESP"]
[Source "lmi"]
[SourceDate "2012.08.09"]

1. e4 c5 2. Nf3 d6 3. d4 cxd4 4. Nxd4 Nf6 5. Nc3 a6 6. Bc4 e6 7. O-O b5 8. Bb3
Be7 9. Qf3 Qb6 10. Be3 Qb7 11. Qg3 Nbd7 12. Nf5 exf5 13. Qxg7 Rf8 14. Nd5 Nxd5
15. Bxd5 Qb8 16. Bg5 f6 17. Bh6 Bb7 18. Qxh7 Bxd5 19. exd5 Rf7 20. Qg8+ Nf8 21.
Rfe1 Ra7 22. h4 Qc8 23. Re3 f4 24. Bxf4 Qf5 25. Bxd6 Qxd5 26. Bxe7 Raxe7 27.
Rxe7+ Kxe7 28. Qg4 Ne6 29. Rd1 Qxa2 30. Qb4+ Ke8 31. Qd6 Re7 32. h5 Qxb2 33.
Qc6+ Kf7 34. Qe4 Nf8 35. Qd5+ Ke8 36. Qd8+ Kf7 37. Qd5+ Ke8 38. Qd8+ 1/2-1/2

[Event "Obert Figueres Miquel Mas 2012"]
[Site "Figueres ESP"]
[Date "2012.08.15"]
[Round "8.8"]
[White "Soumya, Swaminathan"]
[Black "Garbisu De Goñi, Unai"]
[Result "0-1"]
[WhiteElo "2271"]
[BlackElo "2461"]
[PlyCount "116"]
[EventDate "2012.08.09"]
[EventType "swiss"]
[EventRounds "9"]
[EventCountry "ESP"]
[Source "lmi"]
[SourceDate "2012.08.09"]

1. e4 e5 2. Nf3 Nc6 3. Bb5 a6 4. Ba4 Nf6 5. O-O Be7 6. Re1 b5 7. Bb3 d6 8. c3
O-O 9. h3 Na5 10. Bc2 c5 11. d4 Nd7 12. Nbd2 exd4 13. cxd4 Nc6 14. d5 Nce5 15.
a4 Rb8 16. Nxe5 Nxe5 17. f4 Ng6 18. Nf3 Bh4 19. Rf1 Bg3 20. f5 Ne5 21. Ng5 h6
22. f6 g6 23. axb5 Bh4 24. Nf3 Bxf6 25. Bxh6 Rxb5 26. Bxf8 Kxf8 27. Nxe5 Bxe5
28. Bd3 Rb6 29. Qf3 Qc7 30. Ra2 Kg7 31. Qe2 Qe7 32. Bxa6 Bxa6 33. Rxa6 Rxb2 34.
Qg4 Qb7 35. Ra3 Rb1 36. Raf3 Rxf1+ 37. Rxf1 c4 38. Qe2 c3 39. Qc4 Qa7+ 40. Kh1
Qe3 41. Qc7 Bf4 42. Qc4 Be5 43. Qc7 Bf4 44. Qc4 g5 45. Rxf4 gxf4 46. Qc8 f3 47.
Qg4+ Kf6 48. Qh4+ Ke5 49. Qe7+ Kd4 50. gxf3 Qxf3+ 51. Kh2 Qf4+ 52. Kg1 Qg3+ 53.
Kf1 Qxh3+ 54. Kf2 Qe3+ 55. Kf1 c2 56. Qa7+ Kd3 57. Qa6+ Kd2 58. Qa5+ Qc3 0-1

[Event "Obert Figueres Miquel Mas 2012"]
[Site "Figueres ESP"]
[Date "2012.08.15"]
[Round "8.9"]
[White "Serra Pages, Jordi"]
[Black "Govciyan, Pavel"]
[Result "1/2-1/2"]
[WhiteElo "2224"]
[BlackElo "2451"]
[PlyCount "94"]
[EventDate "2012.08.09"]
[EventType "swiss"]
[EventRounds "9"]
[EventCountry "ESP"]
[Source "lmi"]
[SourceDate "2012.08.09"]

1. d4 g6 2. c4 Bg7 3. Nc3 c5 4. d5 d6 5. e4 Nf6 6. g3 O-O 7. Bg2 e6 8. Nge2
exd5 9. exd5 Bf5 10. h3 Na6 11. O-O Re8 12. g4 Nxg4 13. hxg4 Bxg4 14. f3 Bh5
15. Ne4 h6 16. N4g3 Qh4 17. Nxh5 Qxh5 18. Bf4 Qh4 19. Bg3 Qxc4 20. Nc3 Nb4 21.
Qb3 Qd4+ 22. Bf2 Qf4 23. Ne4 a5 24. Bg3 Bd4+ 25. Kh2 Qf5 26. Bh3 Qxd5 27. Rad1
Qxb3 28. axb3 d5 29. Rxd4 cxd4 30. Nf6+ Kg7 31. Nxe8+ Rxe8 32. Re1 Re3 33. Bf2
Rd3 34. Bf1 Rd2 35. Re2 Rd1 36. Re1 Rd2 37. Re2 Rd3 38. Kg2 Nc6 39. Rc2 Rxb3
40. Rc5 Rxb2 41. Bb5 Ne7 42. Bd7 b6 43. Rc1 Kf6 44. Kf1 Nf5 45. Rc6+ Ke5 46.
Bxf5 Kxf5 47. Bxd4 Rb4 1/2-1/2

[Event "Obert Figueres Miquel Mas 2012"]
[Site "Figueres ESP"]
[Date "2012.08.15"]
[Round "8.10"]
[White "Vinardell Cruanas, Sergi"]
[Black "Ramiro Ovejero, Juan L"]
[Result "0-1"]
[WhiteElo "2124"]
[BlackElo "2349"]
[PlyCount "86"]
[EventDate "2012.08.09"]
[EventType "swiss"]
[EventRounds "9"]
[EventCountry "ESP"]
[Source "lmi"]
[SourceDate "2012.08.09"]

1. e4 c5 2. Nf3 d6 3. d4 cxd4 4. Nxd4 Nf6 5. Nc3 Bd7 6. Bc4 e6 7. O-O a6 8. Bb3
Nc6 9. Be3 Be7 10. f4 O-O 11. Kh1 Rc8 12. f5 Nxd4 13. Bxd4 e5 14. Be3 Bc6 15.
Qd3 b5 16. a3 h6 17. Rad1 a5 18. Rd2 b4 19. axb4 axb4 20. Nd5 Bxd5 21. Bxd5 Qc7
22. Ra1 Nxd5 23. Qxd5 Qc4 24. g3 Bg5 25. Bxg5 hxg5 26. Kg2 g4 27. h3 gxh3+ 28.
Kxh3 Qxd5 29. exd5 Ra8 30. Rxa8 Rxa8 31. c3 bxc3 32. bxc3 Rc8 33. Rd3 Rc4 34.
g4 f6 35. Kh4 Kh7 36. Kh5 Rf4 37. Kh4 g6 38. fxg6+ Kxg6 39. Rg3 Rc4 40. Rf3 Rc5
41. Rd3 f5 42. gxf5+ Kxf5 43. Re3 Kf4 0-1

[Event "Obert Figueres Miquel Mas 2012"]
[Site "Figueres ESP"]
[Date "2012.08.15"]
[Round "8.11"]
[White "Llerins Bonet, Ricardo"]
[Black "Ladron De Guevara Pinto, Paolo"]
[Result "1-0"]
[WhiteElo "2111"]
[BlackElo "2370"]
[PlyCount "123"]
[EventDate "2012.08.09"]
[EventType "swiss"]
[EventRounds "9"]
[EventCountry "ESP"]
[Source "lmi"]
[SourceDate "2012.08.09"]

1. e4 g6 2. d4 Bg7 3. Nf3 d6 4. h3 a6 5. Be2 e6 6. O-O Ne7 7. Nc3 Nd7 8. Be3 b5
9. a3 Bb7 10. Qd2 h6 11. Rad1 g5 12. Nh2 Ng6 13. f4 gxf4 14. Bxf4 Qe7 15. Be3
h5 16. Nf3 O-O-O 17. Bd3 c5 18. dxc5 dxc5 19. Qf2 c4 20. Be2 Bxc3 21. bxc3 Qxa3
22. Ng5 Nge5 23. Nxf7 Rdf8 24. Nd6+ Kc7 25. Qe1 Rxf1+ 26. Kxf1 Bc6 27. Qd2 h4
28. Qd4 Rg8 29. Kg1 Rg3 30. Bf4 Qxc3 31. Qxc3 Rxc3 32. Nf7 Rxc2 33. Bf3 Kb7 34.
Nxe5 Nxe5 35. Bxe5 b4 36. g4 hxg3 37. h4 b3 38. h5 b2 39. h6 Rh2 40. Rb1 Rxh6
41. Rxb2+ Bb5 42. Bxg3 Kb6 43. Be5 Kc5 44. Kf2 a5 45. Ke3 Kb6 46. Bd4+ Ka6 47.
e5 Rh7 48. Rg2 a4 49. Rg8 Ka5 50. Bc5 Rh3 51. Kf2 c3 52. Ra8+ Ba6 53. Kg2 Rxf3
54. Kxf3 Kb5 55. Rxa6 Kxa6 56. Ke3 Kb5 57. Kd4 c2 58. Ba3 c1=Q 59. Bxc1 Kb4 60.
Bd2+ Kb3 61. Kc5 a3 62. Be3 1-0

[Event "Obert Figueres Miquel Mas 2012"]
[Site "Figueres ESP"]
[Date "2012.08.15"]
[Round "8.12"]
[White "Rebole Arbea, Jose Ignacio"]
[Black "Aymerich Verdaguer, Eduard"]
[Result "1-0"]
[WhiteElo "2188"]
[BlackElo "1787"]
[PlyCount "85"]
[EventDate "2012.08.09"]
[EventType "swiss"]
[EventRounds "9"]
[EventCountry "ESP"]
[Source "lmi"]
[SourceDate "2012.08.09"]

1. d4 Nf6 2. Nf3 g6 3. g3 Bg7 4. Bg2 c5 5. O-O O-O 6. c3 Na6 7. Re1 d5 8. Ne5
Bf5 9. Qb3 cxd4 10. cxd4 Qc7 11. Nc3 Be4 12. Nxe4 dxe4 13. Bf4 Qb6 14. Qxb6
axb6 15. Nc4 Nb4 16. Rec1 Nbd5 17. Be5 b5 18. Nd2 Bh6 19. e3 Nxe3 20. Bxf6 exf6
21. Rc7 Nd5 22. Rd7 Rfd8 23. Rxd8+ Rxd8 24. Nxe4 f5 25. Nc5 b6 26. Nb3 f4 27.
Bxd5 Rxd5 28. Kg2 f5 29. Kf3 g5 30. g4 Bg7 31. gxf5 Rxf5 32. Rc1 h5 33. Ke4 Rf6
34. d5 Kf7 35. Rc7+ Kg6 36. Nd4 g4 37. Nf5 Bf8 38. Rc6 Bc5 39. Ke5 Bd6+ 40.
Rxd6 Rxd6 41. Nxd6 Kg5 42. Nf5 h4 43. Nxh4 1-0

[Event "Obert Figueres Miquel Mas 2012"]
[Site "Figueres ESP"]
[Date "2012.08.15"]
[Round "8.13"]
[White "Colls Gelaberto, Emili"]
[Black "Dalo, Hermes"]
[Result "1/2-1/2"]
[WhiteElo "2171"]
[BlackElo "2130"]
[PlyCount "73"]
[EventDate "2012.08.09"]
[EventType "swiss"]
[EventRounds "9"]
[EventCountry "ESP"]
[Source "lmi"]
[SourceDate "2012.08.09"]

1. d4 Nf6 2. c4 g6 3. Nc3 Bg7 4. e4 d6 5. Nge2 O-O 6. Ng3 e5 7. d5 a5 8. Be2
Na6 9. Bg5 h6 10. Be3 Nd7 11. Bg4 h5 12. Bh3 Nac5 13. Qc2 a4 14. Rd1 Nb6 15.
Bxc8 Qxc8 16. Nb5 h4 17. Nf1 f5 18. Nd2 Nbd7 19. f3 f4 20. Bxc5 Nxc5 21. h3 Rd8
22. Nf1 c6 23. Nc3 Qc7 24. Nh2 Qb6 25. Ng4 Bf8 26. Nf2 Qb4 27. Nd3 Qxc4 28.
Nxc5 Qxc5 29. Qf2 Qxf2+ 30. Kxf2 Ra5 31. Ke2 c5 32. Rc1 b5 33. Nb1 Rc8 34. Na3
Be7 35. Nc2 Bd8 36. Nb4 Raa8 37. Nc6 1/2-1/2

[Event "Obert Figueres Miquel Mas 2012"]
[Site "Figueres ESP"]
[Date "2012.08.15"]
[Round "8.14"]
[White "Triadu Cassa, Jordi"]
[Black "Sorroche Martin, Jose Maria"]
[Result "0-1"]
[WhiteElo "2138"]
[BlackElo "2164"]
[PlyCount "100"]
[EventDate "2012.08.09"]
[EventType "swiss"]
[EventRounds "9"]
[EventCountry "ESP"]
[Source "lmi"]
[SourceDate "2012.08.09"]

1. e4 c5 2. Nf3 d6 3. d4 cxd4 4. Nxd4 Nf6 5. Nc3 a6 6. Bc4 e6 7. Bb3 Nbd7 8. f4
Nc5 9. f5 e5 10. Nf3 Be7 11. Bg5 O-O 12. Bxf6 Bxf6 13. Qd2 b5 14. Bd5 b4 15.
Ne2 Rb8 16. O-O Qb6 17. Kh1 Bb7 18. Ng3 Rfc8 19. Nh5 Nxe4 20. Bxe4 Bxe4 21.
Nxf6+ gxf6 22. Rac1 Rc6 23. Qh6 Qd8 24. Rce1 Bxc2 25. Nd2 Qf8 26. Qxf6 Qg7 27.
Qh4 Kh8 28. Re3 f6 29. Rg3 Qf7 30. b3 d5 31. Rg4 Bd3 32. Re1 Bxf5 33. Rxb4 Rbc8
34. h3 d4 35. Qf2 Qg6 36. Nc4 Be6 37. Qf3 Bxc4 38. bxc4 d3 39. Rb3 Rd6 40. Qb7
Rg8 41. Qf3 e4 42. Qf1 f5 43. c5 Re6 44. Rb2 Rc6 45. Qf2 Qg3 46. Qd4+ Qg7 47.
Qf2 Rxc5 48. Rb7 Qxb7 49. Qxc5 Qb2 50. Rg1 d2 0-1

[Event "Obert Figueres Miquel Mas 2012"]
[Site "Figueres ESP"]
[Date "2012.08.15"]
[Round "8.15"]
[White "Balague Camps, Marc"]
[Black "Juan Bartroli, Pau"]
[Result "0-1"]
[WhiteElo "2072"]
[BlackElo "2024"]
[PlyCount "74"]
[EventDate "2012.08.09"]
[EventType "swiss"]
[EventRounds "9"]
[EventCountry "ESP"]
[Source "lmi"]
[SourceDate "2012.08.09"]

1. Nf3 c5 2. c4 Nc6 3. Nc3 g6 4. g3 Bg7 5. Bg2 d6 6. O-O e5 7. a3 Nge7 8. b4
O-O 9. Rb1 Nd4 10. Ne1 Rb8 11. Bb2 b6 12. e3 Ne6 13. Nc2 f5 14. Nd5 Bb7 15. d4
e4 16. Nxe7+ Qxe7 17. d5 Nc7 18. Bxg7 Qxg7 19. f3 exf3 20. Bxf3 Rfe8 21. Qd3
Qe5 22. Rbe1 b5 23. e4 bxc4 24. Qd2 c3 25. Qg5 fxe4 26. Qxe5 Rxe5 27. Rxe4 Bxd5
28. Rxe5 dxe5 29. Bxd5+ Nxd5 30. bxc5 Rb2 31. Rc1 Kf7 32. c6 Rb6 33. Rd1 Ne7
34. Re1 Nxc6 35. Ne3 Nd4 36. Rf1+ Ke6 37. Nc4 Rc6 0-1

[Event "Obert Figueres Miquel Mas 2012"]
[Site "Figueres ESP"]
[Date "2012.08.16"]
[Round "9.1"]
[White "Adhiban, B."]
[Black "Martinez, Duany Lelys Stanley"]
[Result "1/2-1/2"]
[WhiteElo "2553"]
[BlackElo "2476"]
[PlyCount "75"]
[EventDate "2012.08.09"]
[EventType "swiss"]
[EventRounds "9"]
[EventCountry "ESP"]
[Source "lmi"]
[SourceDate "2012.08.09"]

1. d4 Nf6 2. c4 d6 3. Nc3 Nbd7 4. Nf3 g6 5. e4 e5 6. d5 Bg7 7. Be2 O-O 8. O-O
Re8 9. Be3 Nh5 10. g3 Bf6 11. Ne1 Ng7 12. Nd3 Bg5 13. Bxg5 Qxg5 14. Kh1 f5 15.
Bf3 Qe7 16. Qd2 Rf8 17. Rae1 Nf6 18. Bg2 fxe4 19. Nxe4 Nxe4 20. Bxe4 Bh3 21.
Bg2 Qd7 22. f4 Bxg2+ 23. Kxg2 exf4 24. Nxf4 Rae8 25. b3 Rxe1 26. Rxe1 Re8 27.
Re3 b6 28. Qe2 Rxe3 29. Qxe3 Kf7 30. Ne2 Nf5 31. Qf3 Kg8 32. Qe4 g5 33. Kg1 Qf7
34. Nc3 a6 35. Nd1 Kg7 36. Nf2 Qf6 37. Kg2 h5 38. Qf3 1/2-1/2

[Event "Obert Figueres Miquel Mas 2012"]
[Site "Figueres ESP"]
[Date "2012.08.16"]
[Round "9.2"]
[White "Aroshidze, Levan"]
[Black "Mirzoev, Azer"]
[Result "0-1"]
[WhiteElo "2568"]
[BlackElo "2545"]
[PlyCount "68"]
[EventDate "2012.08.09"]
[EventType "swiss"]
[EventRounds "9"]
[EventCountry "ESP"]
[Source "lmi"]
[SourceDate "2012.08.09"]

1. e4 e5 2. Nf3 Nc6 3. Bb5 Nf6 4. c3 d6 5. d3 Bd7 6. O-O g6 7. Nbd2 Bg7 8. Re1
O-O 9. Ba4 Re8 10. Nf1 h6 11. Ne3 a6 12. h3 b5 13. Bc2 Bc8 14. Nh2 Kh7 15. Qf3
Be6 16. Nhg4 Nxg4 17. hxg4 Ne7 18. Nf5 Bf8 19. d4 Ng8 20. g3 Kh8 21. dxe5 dxe5
22. Rd1 Qc8 23. g5 gxf5 24. exf5 Bd7 25. g4 f6 26. Bb3 hxg5 27. Qd5 Bd6 28.
Qh1+ Kg7 29. Qh5 Bxf5 30. Qf7+ Kh8 31. Bxg5 Re7 32. Bxf6+ Nxf6 33. Qxf6+ Rg7
34. Kg2 Bh7 0-1

[Event "Obert Figueres Miquel Mas 2012"]
[Site "Figueres ESP"]
[Date "2012.08.16"]
[Round "9.3"]
[White "Rakhmanov, Aleksandr"]
[Black "Simacek, Pavel"]
[Result "1-0"]
[WhiteElo "2588"]
[BlackElo "2478"]
[PlyCount "99"]
[EventDate "2012.08.09"]
[EventType "swiss"]
[EventRounds "9"]
[EventCountry "ESP"]
[Source "lmi"]
[SourceDate "2012.08.09"]

1. d4 Nf6 2. Nf3 c5 3. c3 b6 4. Bg5 Bb7 5. Nbd2 cxd4 6. cxd4 d6 7. Bxf6 gxf6 8.
e3 e6 9. Rc1 Nd7 10. Bd3 f5 11. h3 Rc8 12. Rxc8 Qxc8 13. g4 fxg4 14. hxg4 h6
15. Ke2 Rg8 16. Rg1 Be7 17. a3 Kd8 18. Qf1 Ba6 19. Kd1 Bxd3 20. Qxd3 Nf6 21. g5
hxg5 22. Rxg5 Rxg5 23. Nxg5 Ke8 24. Nge4 Nd5 25. Nb1 Qc6 26. Nbd2 f5 27. Ng3
Kd7 28. Qa6 Qc7 29. Qa4+ Kd8 30. Ngf1 Qb7 31. Qb5 a6 32. Qe2 b5 33. Nb3 Nf6 34.
Nc1 Qg2 35. Nd3 Nd5 36. Nd2 Qh1+ 37. Kc2 Kd7 38. Nb1 Bd8 39. Nc3 Nf6 40. Nb4
Qb7 41. d5 Ba5 42. Qf3 Qc8 43. Qg2 exd5 44. Qg7+ Ke6 45. Nd3 f4 46. Nxf4+ Ke5
47. Ng6+ Ke6 48. Nf8+ Ke5 49. Qg3+ Kf5 50. Qf4# 1-0